| 000 | 00696nam a2200193 a 4500 | ||
|---|---|---|---|
| 001 | 000039189 | ||
| 005 | 20240228133748.0 | ||
| 008 | 130607s2013 dr c 000 0 spa d | ||
| 020 | _a9789945454420 | ||
| 040 |
_aDO-SdBNP _bspa _cBNPHU |
||
| 100 | 1 |
_aCastro Ventura, Santiago _91837 |
|
| 245 | 1 | 0 |
_aBolívar : _ben el ámbito de las antillas / _cSantiago Castro Ventura ; prólogo Ángel R. Veras Aybar. |
| 260 |
_aSanto Domingo : _bManatí, _c2013. |
||
| 300 |
_a269 p. : _bretrs. ; _c24 cm. |
||
| 500 | _aIncluye índice onomástico | ||
| 500 | _aIncluye datos biográficos del autor en la contraportada | ||
| 504 | _aBibliografía : 253-262 | ||
| 700 | 1 |
_aVeras Aybar, Ángel R., _epról. _965383 |
|
| 999 |
_c38679 _d38679 |
||